| 000 | 00517nam a22001937a 4500 | ||
|---|---|---|---|
| 003 | LK-CoDNM | ||
| 005 | 20250107093905.0 | ||
| 008 | 250102b |||||||| |||| 00| 0 eng d | ||
| 040 |
_aLK-CoDNM _dLK-CoDNM _eLK-CoDNM |
||
| 041 | _aeng | ||
| 080 |
_a4 _bH10 |
||
| 100 | _aCepede, Count De La | ||
| 245 |
_aThe natural history of oviparous quadrupeds and serpents _b-Vol.2 |
||
| 260 |
_aEdinburgh _bAlex Smellie _c1802 |
||
| 300 | _bxxiv, 345p. : ill ; 24 cm | ||
| 650 | _aScience | ||
| 650 | _a1802 | ||
| 942 | _cBK | ||
| 999 |
_c235136 _d235136 |
||